| 000 -LEADER |
| fixed length control field |
00598nam a22001697a 4500 |
| 005 - DATE AND TIME OF LATEST TRANSACTION |
| control field |
20231023115809.0 |
| 008 - FIXED-LENGTH DATA ELEMENTS--GENERAL INFORMATION |
| fixed length control field |
231023s1973 ru ||||| |||| 00| 0 rus d |
| 041 ## - LANGUAGE CODE |
| Language code of text/sound track or separate title |
rus |
| 080 ## - UNIVERSAL DECIMAL CLASSIFICATION NUMBER |
| Universal Decimal Classification number |
72+7.03 K-68 |
| 100 ## - MAIN ENTRY--PERSONAL NAME |
| Personal name |
Коровина A. К. |
| 9 (RLIN) |
20179 |
| 245 ## - TITLE STATEMENT |
| Title |
Города Кипра / |
| Statement of responsibility, etc. |
А. К. КОРОВИНА, Η. А.СИДОРОВА. |
| 264 ## - PRODUCTION, PUBLICATION, DISTRIBUTION, MANUFACTURE, AND COPYRIGHT NOTICE |
| Place of production, publication, distribution, manufacture |
Москва: |
| Name of producer, publisher, distributor, manufacturer |
Искусство, |
| Date of production, publication, distribution, manufacture, or copyright notice |
1973. |
| 300 ## - PHYSICAL DESCRIPTION |
| Extent |
214 стр.: |
| Other physical details |
ил.; |
| Dimensions |
16 см. |
| 653 ## - INDEX TERM--UNCONTROLLED |
| keyword |
კვიპროსის ქალაქები |
| 700 ## - ADDED ENTRY--PERSONAL NAME |
| Personal name |
СИДОРОВА, Η. А. |
| Relator term |
ავტორი |
| 9 (RLIN) |
20180 |
| 942 ## - ADDED ENTRY ELEMENTS (KOHA) |
| Source of classification or shelving scheme |
|
| Koha item type |
წიგნი |